000 00556nam a2200193 a 4500
005 20140310183140.0
008 021119s19uu xx 00 eng d
020 _a9710859366
050 _aHF 5548.8
_b.Sa27 2000
100 _aSanchez, Custodiosa A.
245 _aPsychology applied to business and industry /
_cCustodiosa A. Sanchez.
250 _a3rd
260 _aManila, Philippines :
_bNational Bookstore,
_c2000.
300 _a229 p. :
_c24 cm.
521 _aPSYCH
650 _aPsychology, applied
942 _cBK
_2lcc
_kLOC
999 _c19372
_d19372